| 000 | 00537nam a2200181Ia 4500 | ||
|---|---|---|---|
| 003 | GCL | ||
| 008 | 140319s9999 xx 000 0 eng d | ||
| 040 |
_aGCL / _cGCL |
||
| 082 | 0 | 4 |
_a355.709 _bA R |
| 100 | 1 | _aANGREMY, JEAN - PIERRE | |
| 245 | 1 | 0 |
_aRICHESSES DE L'ARSENAL DEUX SIECLES DE PASSION LI MERARIE / _cANGREMY, JEAN - PIERRE |
| 260 |
_a[S.N] : _bBIBLIOTHEQUE NATIONALE DU QUEBEC ، _c1997 |
||
| 300 | _a32 P | ||
| 650 | 0 | 4 | _aMILITARY SCIENCE |
| 650 | 0 | 4 | _aARSENALS - HISTORY |
| 650 | 0 | 4 | _aARSENALS - FRANCE |
| 942 |
_2ddc _cBK |
||
| 999 |
_c16412 _d16412 |
||